| 000 | 01051cam a2200301 a 4500 | ||
|---|---|---|---|
| 999 |
_c234069 _d234069 |
||
| 001 | 3848792 | ||
| 003 | Nust | ||
| 005 | 20170312174150.0 | ||
| 008 | 871009s1987 enk 000 1 eng | ||
| 010 | _a 87181400 | ||
| 020 | _a9780140098860 | ||
| 040 |
_aDLC _cDLC _dDLC |
||
| 050 | 0 | 0 |
_aPR9272.9.N32 _bE5 1987b |
| 082 | 0 | 0 |
_a823.914 _bNAI |
| 100 | 1 |
_aNaipaul, V. S. _q(Vidiadhar Surajprasad), _d1932- |
|
| 245 | 1 | 4 |
_aThe enigma of arrival : _ba novel in five sections / _cV.S. Naipaul. |
| 260 |
_aHarmondsworth, Middlesex ; _aNew York, N.Y. : _bViking, _c1987. |
||
| 300 |
_a318 p. ; _c24 cm. |
||
| 500 |
_aLC copy has dust jacket. _5DLC |
||
| 500 |
_aSource: Purchase, Aug. 14, 1987 (DLC #0172875). _5DLC |
||
| 650 | 0 |
_aTrinidadians _zEngland _xFiction. |
|
| 650 | 0 |
_aCity and town life _xFiction. |
|
| 650 | 0 |
_aImmigrants _xFiction. |
|
| 651 | 0 |
_aEngland _xFiction. |
|
| 906 |
_a7 _bcbc _corignew _d4 _encip _f19 _gy-gencatlg |
||
| 942 |
_2ddc _cBK |
||